000 00514nam a2200205Ia 4500
003 GCL
008 140319s9999 xx 000 0 eng d
040 _aGCL /
_cGCL
082 0 4 _a005.6
_bC R
100 1 _aCHANDLER, DAVID M
245 1 0 _aRUNNING A PERFECT WEB SITE /
_cCHANDLER, DAVID M
700 1 _aKIRKNER, BILL
700 1 _aMINATEL, JIM
260 _a[S.N] :
_bQUE ،
_c1995
300 _a457 P
650 0 4 _aشعر الحرب
650 0 4 _aWORLD WIDE WEB
650 0 4 _aSOFT WARE
942 _2ddc
_cBK
999 _c13595
_d13595